000
00315nam a22001457a 4500
008
210303b ||||| |||| 00| 0 eng d
020
_a
0324259115
041
_a
eng
080
_2
2nd
_a
338
082
_a
338
100
_a
53
101
_a
MEN
245
_a
Effective Management
_c
Williams, CH
942
_2
udc
_c
BK
999
_c
55589
_d
55589